[Event "It (cat.8)"]
[Site "masterchessopen.com Budapest (Hungary)"]
[Round "5"]
[White "Kallai Gabor (HUN)"]
[Black "Lukacs Peter (HUN)"]
[Result "0-1"]
[WhiteElo "2490"]
[BlackElo "2480"]

1.d4 Nf6 2.c4 e6 3.Nf3 d5 4.Nc3 c6 5.Bg5 dxc4 6.e4 b5 7.a4 b4 8.Nb1 Be7 9.e5
Nd5 10.Bxe7 Qxe7 11.Bxc4 O-O 12.Nbd2 c5 13.dxc5 Bb7 14.Nb3 Nf4 15.Qd6 Nxg2+
16.Ke2 Bxf3+ 17.Kxf3 Qg5 18.Rhg1 Rd8 19.Rxg2 Qf5+ 20.Ke3 Rxd6 21.exd6 Nd7
22.Rag1 Qe5+ 23.Kd3 Qxb2 24.Rxg7+ Kh8 25.Ke3 Ne5 {#R} 0-1

[Event "It (open)"]
[Site "masterchessopen.com Buenos Aires (Argentina)"]
[Round "6"]
[White "Rodriguez Jorge Luis (ARG)"]
[Black "Spangenberg Hugo (ARG)"]
[Result "1-0"]
[WhiteElo "2395"]
[BlackElo "2490"]

1.d4 d5 2.c4 c6 3.Nc3 Nf6 4.Nf3 e6 5.Bg5 dxc4 6.e4 b5 7.e5 h6 8.Bh4 g5 9.exf6
gxh4 10.Ne5 Qxf6 11.a4 Bb4 12.Be2 c5 13.O-O cxd4 14.Ng4 Qd8 15.Nxb5 Bb7
16.Nxd4 Nc6 17.Nxc6 Bxc6 18.Ne5 Bb7 19.Bxc4 Rg8 20.Bb5+ Ke7 21.Bc6 Qc7 22.Qh5
Bxc6 23.Qxf7+ Kd6 24.Rfd1+ Bd5 25.Rxd5+ {#r} 1-0

[Event "It (open)"]
[Site "masterchessopen.com Cannes (France)"]
[Round "0"]
[White "Ikonnikov Vyacheslav (RUS)"]
[Black "Sulypa Alexandre (UKR)"]
[Result "1-0"]
[WhiteElo "2540"]
[BlackElo "2435"]

1.d4 d5 2.Nf3 c6 3.c4 e6 4.Nc3 Nf6 5.Bg5 dxc4 6.e4 b5 7.e5 h6 8.Bh4 g5 9.exf6
gxh4 10.Ne5 Qxf6 11.a4 c5 12.Be2 cxd4 13.Qxd4 Nd7 14.Qe4 Rb8 15.Nc6 Nc5 16.Qe3
Rb7 17.axb5 Qg5 18.f4 Qxg2 19.O-O-O Rd7 20.Bxc4 Bb7 21.Rhg1 Bxc6 22.bxc6 Qxc6
23.Bb5 Qb7 24.Rxd7 Nxd7 {#r} 1-0

[Event "It (open)"]
[Site "masterchessopen.com Cappelle la Grande (France)"]
[Round "1"]
[White "Beaton Kenneth S (SCO)"]
[Black "Bodlet Frederic (FRA)"]
[Result "1-0"]
[WhiteElo "2116"]
[BlackElo "2006"]

1.d4 d5 2.Nf3 Nf6 3.c4 c6 4.Nc3 e6 5.Bg5 dxc4 6.e4 b5 7.e5 h6 8.Bh4 g5 9.Nxg5
hxg5 10.Bxg5 Nbd7 11.exf6 Bb7 12.g3 Bh6 13.Bxh6 Rxh6 14.Bg2 Qc7 15.O-O O-O-O
16.Qe2 Nb8 17.Ne4 Rxd4 18.Qe3 {#r} 1-0

[Event "n) (b"]
[Site "masterchessopen.com Eger (Hungary)"]
[Round "0"]
[White "Kladiva Imre (HUN)"]
[Black "Mokosch Andreas (GER)"]
[Result "1-0"]
[WhiteElo "2014"]
[BlackElo "2209"]

1.d4 d5 2.c4 e6 3.Nc3 c6 4.Nf3 Nf6 5.Bg5 dxc4 6.e3 b5 7.Be2 Bb7 8.O-O Nbd7
9.Ne5 Nxe5 10.dxe5 Qxd1 11.Raxd1 Nd7 12.f4 Nc5 13.b4 cxb3 14.Nxb5 Na6 15.f5 h6
16.fxe6 hxg5 17.Rxf7 Bc8 18.Nd6+ Bxd6 19.exd6 Nc5 20.Bf3 Bxe6 21.Re7+ Kd8
22.axb3 Bd7 23.b4 g4 24.Be2 {#r} 1-0

[Event "Oberliga East 1994/95"]
[Site "masterchessopen.com Germany"]
[Round "0"]
[White "Weiss Matthias (GER)"]
[Black "Schaefer Ronald Dr (GER)"]
[Result "0-1"]
[WhiteElo "2026"]
[BlackElo "2183"]

1.c4 c6 2.d4 d5 3.Nc3 Nf6 4.Nf3 e6 5.Bg5 dxc4 6.a4 Qb6 7.Qc2 Nbd7 8.e3 Qb4
9.Bxf6 Nxf6 10.a5 Nd5 11.Ra4 Qb3 12.Qxb3 cxb3 13.Nd2 Bd7 14.Nxb3 Bb4 15.Kd2 c5
16.Ra1 cxd4 17.Nxd4 Rc8 18.a6 Rxc3 19.bxc3 Bxc3+ 20.Kc2 Bxa1 21.axb7 Ke7
22.Bb5 Bxd4 23.Bxd7 Kxd7 {#R} 0-1

[Event "Ch Greece (juniors) (under 16)"]
[Site "masterchessopen.com Greece"]
[Round "5"]
[White "Halkias Stelios (GRE)"]
[Black "Darmarakis Mihail (GRE)"]
[Result "1-0"]
[WhiteElo "2235"]
[BlackElo "2204"]

1.d4 d5 2.c4 c6 3.Nc3 Nf6 4.Nf3 e6 5.Bg5 dxc4 6.e4 b5 7.e5 h6 8.Bh4 g5 9.Nxg5
hxg5 10.Bxg5 Nbd7 11.exf6 Qa5 12.g3 Ba6 13.Qf3 b4 14.Ne4 O-O-O 15.Be2 Qd5
16.Be3 Bb7 17.Ng5 c5 18.Qxd5 Bxd5 19.O-O cxd4 20.Bxd4 e5 21.Be3 Kb7 22.Rfd1
{#r} 1-0

[Event "Ch Hessen (MVT)"]
[Site "masterchessopen.com Hofheim (Germany)"]
[Round "2"]
[White "Lisanti Andre (GER)"]
[Black "Peters Ingo (GER)"]
[Result "1-0"]
[WhiteElo "2325"]
[BlackElo "2097"]

1.d4 d5 2.Nf3 Nf6 3.c4 e6 4.Nc3 c6 5.Bg5 dxc4 6.e4 b5 7.e5 h6 8.Bh4 g5 9.Nxg5
hxg5 10.Bxg5 Nbd7 11.exf6 Bb7 12.g3 c5 13.d5 Nxf6 14.dxe6 Bg7 15.f3 a6 16.Qe2
fxe6 17.Qxe6+ Kf8 18.Be2 Qe8 19.Qf5 Qe7 20.O-O-O b4 21.Bxc4 bxc3 22.Rhe1 {#r}
1-0

[Event "It (open)"]
[Site "masterchessopen.com Las Vegas (USA)"]
[Round "1"]
[White "Zerm Alfred (USA)"]
[Black "Jones Stephen L (USA)"]
[Result "0-1"]
[WhiteElo "2192"]
[BlackElo "2330"]

1.c4 c6 2.d4 d5 3.Nf3 Nf6 4.Nc3 e6 5.Bg5 dxc4 6.e4 b5 7.e5 h6 8.Bh4 g5 9.Nxg5
hxg5 10.Bxg5 Nbd7 11.exf6 Bb7 12.g3 c5 13.d5 Ne5 14.Bg2 Nd3+ 15.Kf1 Qd7 16.b3
exd5 17.Qe2+ Kd8 18.bxc4 dxc4 19.Rd1 b4 20.Ne4 a5 21.h4 Kc7 22.Rh2 Re8 23.f3
Kb6 24.Bh3 Qc7 25.Rg2 Bd6 {#R} 0-1

[Event "Ch Niederbayern"]
[Site "masterchessopen.com Niederbayern (Germany)"]
[Round "6"]
[White "Knechtel Roland (GER)"]
[Black "Heigl Rudolf (GER)"]
[Result "1-0"]
[WhiteElo "2220"]
[BlackElo "2190"]

1.d4 d5 2.c4 c6 3.Nf3 Nf6 4.Nc3 e6 5.Bg5 dxc4 6.e4 b5 7.e5 h6 8.Bh4 g5 9.Nxg5
hxg5 10.Bxg5 Nbd7 11.exf6 Bb7 12.g3 c5 13.d5 Bh6 14.Bxh6 Rxh6 15.Bg2 Nb6
16.Nxb5 Rxf6 17.O-O exd5 18.Qh5 Kd7 19.Rad1 a6 20.Nc3 Qh8 21.Qg4+ Kc7 22.Nxd5+
Bxd5 23.Bxd5 Rg8 24.Qe4 Re8 25.Qg2 Re2 26.Rde1 Rfxf2 {#r} 1-0

[Event "Memorial M.Tal (cat.17)"]
[Site "masterchessopen.com Riga (Latvia)"]
[Round "10"]
[White "Kramnik Vladimir (RUS)"]
[Black "Ehlvest Jaan (USA)"]
[Result "1-0"]
[WhiteElo "2730"]
[BlackElo "2630"]

1.Nf3 d5 2.d4 Nf6 3.c4 c6 4.Nc3 e6 5.Bg5 dxc4 6.e4 b5 7.e5 h6 8.Bh4 g5 9.Nxg5
hxg5 10.Bxg5 Nbd7 11.g3 Qa5 12.exf6 Ba6 { 12... b4 - Kishnev - Thesing, Bad
Worishofen 1990 } ( 12...b4 13.Ne4 Ba6 14.Qf3 O-O-O 15.Be2 ( 15.b3 { ?! }
15...Nb6 16.Nc5 Bb5 17.Be3 Rd5 { ! } 18.a4 { ? } 18...bxa3+ { ! } 19.Bd2 Qxd2+
{ ! } 20.Kxd2 Bxc5 { ??+ } ) 15...Nb6 16.Nc5 { ! } 16...Bb5 17.O-O Rxd4 18.Nb3
{ ! } 18...cxb3 19.axb3 Ba4 20.Rxa4 { ! ± (B) Oll - Kaidanov, Kujbyshev 1986 }
) 13.Qf3 Rc8 { 13... b4 14. ?e4 - 12... b4 } 14.Be2 b4 15.Ne4 c5 16.d5 { ! a
novelty 16. dc - I.Sokolov - Kamsky, Belgrade 1991 } ( 16.dxc5 Nxc5 17.Nxc5
Bxc5 18.O-O Bd4 19.Qf4 Qe5 20.Qxe5 Bxe5 21.Rab1 Bb7 22.Rfe1 Bd4 23.Be3 Bxf6
24.Bxa7 Ke7 { ? } ) 16...exd5 17.Qf5 { !! } 17...dxe4 18.O-O-O Rc7 ( 18...Qc7
19.Bg4 Ne5 20.Rhe1 { ? } ) 19.Bg4 Bb5 20.Qxe4+ Kd8 21.Bxd7 { ! } 21...Bxd7
22.Rhe1 Bh6 23.Qa8+ Rc8 24.Rxd7+ Kxd7 25.Qd5+ {#r} 1-0

[Event "Tournament"]
[Site "masterchessopen.com Saarburg (Germany)"]
[Round "0"]
[White "Hegermann Frank (GER)"]
[Black "Berresheim Helmut (GER)"]
[Result "1-0"]
[WhiteElo "2151"]
[BlackElo "2116"]

1.d4 d5 2.c4 c6 3.Nc3 Nf6 4.Nf3 e6 5.Bg5 dxc4 6.e4 b5 7.e5 h6 8.Bh4 g5 9.Nxg5
hxg5 10.Bxg5 Nbd7 11.g3 Qa5 12.exf6 Ba6 13.Bg2 b4 14.Ne4 c3 15.bxc3 bxc3
16.Qc2 Bb5 17.Nxc3 Ba4 18.Qxa4 Qxc3+ 19.Ke2 Rb8 20.Rhc1 Rb2+ 21.Kf1 Qd3+
22.Kg1 Qf5 23.Qxc6 {#r} 1-0

[Event "Ch Slovakia (team) 1995/96 (2 liga) (b)"]
[Site "masterchessopen.com Slovakia"]
[Round "4"]
[White "Halasz Michal (SVK)"]
[Black "Pagac Kvetoslav (SVK)"]
[Result "1-0"]
[WhiteElo "1740"]
[BlackElo "1920"]

1.d4 d5 2.c4 e6 3.Nf3 Nf6 4.Nc3 c6 5.Bg5 dxc4 6.e4 b5 7.e5 h6 8.Bh4 g5 9.Nxg5
hxg5 10.Bxg5 Qb6 11.Bxf6 Rg8 12.g3 Nd7 13.Bh4 Bb7 14.Bg2 c5 15.Bxb7 Qxb7
16.O-O cxd4 17.Qxd4 Nc5 18.Rad1 Nd3 19.Rxd3 cxd3 20.Qxd3 Rg4 21.Bf6 a6 22.Rd1
Qc7 23.Qf3 {#r} 1-0

[Event "Ch Sweden (open)"]
[Site "masterchessopen.com Sollentuna (Sweden)"]
[Round "1"]
[White "Hillarp Persson Tiger (SWE)"]
[Black "Ohlzon Nils-Johan (SWE)"]
[Result "1-0"]
[WhiteElo "2380"]
[BlackElo "2158"]

1.d4 d5 2.c4 c6 3.Nf3 Nf6 4.Nc3 e6 5.Bg5 dxc4 6.e4 b5 7.a4 Bb4 8.e5 h6 9.exf6
hxg5 10.fxg7 Rg8 11.h4 gxh4 12.Rxh4 Qf6 13.Rh5 a5 14.axb5 cxb5 15.Rxb5 Ba6
16.Rxb4 axb4 17.Qa4+ Nd7 18.Ne5 Qd8 19.Ne4 Rxg7 20.Nxd7 Ke7 21.Nef6 {#r} 1-0

[Event "It (open)"]
[Site "masterchessopen.com Terrasa (Spain)"]
[Round "7"]
[White "Campos Moreno Javier B (CHI)"]
[Black "Cifuentes Parada Roberto (ESP)"]
[Result "1-0"]
[WhiteElo "2450"]
[BlackElo "2525"]

1.d4 d5 2.c4 c6 3.Nf3 Nf6 4.Nc3 e6 5.Bg5 dxc4 6.e4 b5 7.a4 Qb6 8.Bxf6 gxf6
9.Be2 Bb7 10.O-O a6 11.d5 Bc5 12.b3 cxb3 13.Qxb3 Ke7 14.dxe6 fxe6 15.e5 f5
16.Ng5 Bc8 17.axb5 cxb5 18.Nxb5 Rg8 19.Qh3 Rxg5 20.Qxh7+ Kf8 21.Qh8+ Rg8
22.Qf6+ Ke8 23.Bh5+ Kd7 24.Qf7+ Kc6 25.Qxg8 {#r} 1-0

[Event "It (open)"]
[Site "masterchessopen.com Velden (Austria)"]
[Round "0"]
[White "Krausser Helmut (GER)"]
[Black "Sulava Nenad (CRO)"]
[Result "1-0"]
[WhiteElo "2104"]
[BlackElo "2390"]

1.d4 Nf6 2.Nf3 d5 3.c4 c6 4.Nc3 e6 5.Bg5 dxc4 6.e4 b5 7.e5 h6 8.Bh4 g5 9.Nxg5
Nd5 10.Nf3 Qa5 11.Qd2 b4 12.Ne4 c3 13.bxc3 bxc3 14.Qc2 Na6 15.Bc4 Ba3 16.O-O
Nab4 17.Qb3 c2 18.Nfd2 Ba6 19.Bxa6 Qxa6 20.Nc4 c1=Q 21.Rfxc1 Bxc1 22.Nc5 Bb2
23.Nxa6 Bxa1 24.Nc7+ Kd7 25.Nxd5 {#r} 1-0

[Event "It (open)"]
[Site "masterchessopen.com Velden (Austria)"]
[Round "0"]
[White "Schreyer Klaus (GER)"]
[Black "Mayr Thomas (AUT)"]
[Result "1-0"]
[WhiteElo "1889"]
[BlackElo "2094"]

1.d4 d5 2.c4 c6 3.Nc3 Nf6 4.Nf3 e6 5.Bg5 dxc4 6.a4 Bb4 7.e3 Qa5 8.Bxf6 Bxc3+
9.bxc3 Qxc3+ 10.Nd2 gxf6 11.Bxc4 Rg8 12.O-O Qa5 13.Ne4 Nd7 14.Qf3 f5 15.Qh5
Rf8 16.Bxe6 Kd8 17.Bxd7 Bxd7 18.Nc5 {#r} 1-0

[Event "It (open)"]
[Site "masterchessopen.com Leiden (Netherlands)"]
[Date "1995.02.26"]
[Round "6"]
[White "Roobol Martin (NED)"]
[Black "Van De Oudeweetering Arthur (NED)"]
[Result "1-0"]
[WhiteElo "2325"]
[BlackElo "2350"]

1.d4 d5 2.c4 c6 3.Nf3 Nf6 4.Nc3 e6 5.Bg5 dxc4 6.e4 b5 7.e5 h6 8.Bh4 g5 9.exf6
gxh4 10.Ne5 Qxf6 11.Be2 Bb7 12.Bh5 Rh7 13.Qe2 h3 14.g3 c5 15.d5 Na6 16.O-O
O-O-O 17.dxe6 b4 18.Nb5 Qxe6 19.Rfd1 Rd5 20.Rxd5 Bxd5 21.Rd1 f6 22.Bg4 f5
23.Bxh3 Re7 24.f4 Bg7 25.Qh5 Kb8 26.Bxf5 {#r} 1-0

[Event "Ch Netherlands (juniors) (under 20)"]
[Site "masterchessopen.com Arnhem (Netherlands)"]
[Round "8"]
[White "Schrik Rachid (NED)"]
[Black "Mellegers Joost (NED)"]
[Result "0-1"]
[WhiteElo "2156"]
[BlackElo "2190"]

1.d4 d5 2.c4 e6 3.Nc3 c6 4.Nf3 Nf6 5.Bg5 dxc4 6.e4 b5 7.a4 Bb4 8.e5 h6 9.exf6
hxg5 10.fxg7 Rg8 11.h4 g4 12.Ne5 Rxg7 13.Nxg4 c5 14.d5 exd5 15.Qxd5 Bxg4
16.Qxa8 Qe7+ 17.Kd2 Qd6+ 18.Kc2 Bxc3 19.Qe4+ Be5 20.f4 Nc6 21.fxe5 Qd7 22.Qe1
Nd4+ 23.Kc1 Nb3+ 24.Kb1 Bf5+ 25.Ka2 b4 {#R} 0-1

[Event "It (open)"]
[Site "masterchessopen.com Cannes (France)"]
[Round "1"]
[White "Cebalo Miso (CRO)"]
[Black "Bes Stephane (FRA)"]
[Result "1-0"]
[WhiteElo "2515"]
[BlackElo "2095"]

1.d4 d5 2.Nf3 Nf6 3.c4 c6 4.Nc3 e6 5.Bg5 dxc4 6.e4 b5 7.a4 Bb7 8.e5 h6 9.Bd2
Nd5 10.Ne4 Nd7 11.b3 c3 12.Nxc3 Nxc3 13.Bxc3 b4 14.Bb2 c5 15.Bc4 cxd4 16.Qxd4
Bc5 17.Qg4 O-O 18.a5 Qb8 19.Qg3 Rd8 20.h4 Be7 21.O-O Nc5 22.Nd4 Ne4 23.Qf4 Bf6
24.Nxe6 fxe6 25.Qg4 {#r} 1-0

[Event "It (open)"]
[Site "masterchessopen.com Cappelle la Grande (France)"]
[Round "5"]
[White "Guliev Sarhan (AZE)"]
[Black "Jaracz Pawel (POL)"]
[Result "1-0"]
[WhiteElo "2470"]
[BlackElo "2395"]

1.d4 d5 2.c4 c6 3.Nf3 Nf6 4.Nc3 e6 5.Bg5 dxc4 6.a4 Bb4 7.e4 c5 8.Bxc4 Qa5
9.O-O Bxc3 10.Bxf6 Bxb2 11.Bxg7 Rg8 12.Rb1 Bc3 13.Rb5 Qd8 14.Rxc5 Ke7 15.Rg5
Nc6 16.Qd3 Bb4 17.d5 f6 18.Bxf6+ Kxf6 19.Rxg8 Qxg8 20.dxc6 bxc6 21.Bxe6 Bxe6
22.Qd4+ Kf7 23.Qxb4 Rc8 {#r} 1-0

[Event "Ch Moravia (open)"]
[Site "masterchessopen.com Frydek-Mistek (Czech Republic)"]
[Round "7"]
[White "Smistik Milan (CZE)"]
[Black "Jasny Stanislav (CZE)"]
[Result "0-1"]
[WhiteElo "2335"]
[BlackElo "1858"]

1.d4 d5 2.Nf3 c6 3.c4 e6 4.Nc3 Nf6 5.Bg5 dxc4 6.e4 b5 7.a4 Qb6 8.Bxf6 gxf6
9.Be2 Bb7 10.O-O a6 11.axb5 cxb5 12.d5 Nd7 13.Qc1 Nc5 14.Qf4 Be7 15.dxe6 Nxe6
16.Qf5 Qc7 17.e5 O-O-O 18.exf6 Qc5 19.Qxc5+ Bxc5 20.Rfd1 Nf4 21.Ne5 Nxe2+
22.Nxe2 Rxd1+ 23.Rxd1 Re8 24.Nxf7 Rxe2 25.g4 Rxb2 26.Nd6+ Bxd6 {#R} 0-1

[Event "Oberliga NRW 1995/96"]
[Site "masterchessopen.com Germany"]
[Round "0"]
[White "Tucholke Hans-Joachim (GER)"]
[Black "Budczies Jan"]
[Result "1-0"]
[WhiteElo "2217"]
[BlackElo "2008"]

1.d4 d5 2.Nf3 Nf6 3.c4 c6 4.Nc3 e6 5.Bg5 dxc4 6.e4 b5 7.e5 h6 8.Bh4 g5 9.exf6
gxh4 10.Ne5 Qxf6 11.g3 Bb7 12.Bg2 Qe7 13.O-O Qc7 14.Qh5 Bg7 15.Ne4 Na6 16.Nxf7
O-O 17.Nxh6+ Bxh6 18.Qxh6 Qg7 19.Qxe6+ Kh8 20.Nd6 Rf6 21.Qe5 Rb8 22.Rae1 hxg3
23.hxg3 Bc8 24.Ne8 {#r} 1-0

[Event "It (open)"]
[Site "masterchessopen.com Greenhills (Philippines)"]
[Round "9"]
[White "Gonzales Jayson (PHI)"]
[Black "Villamayor Buenaventura (PHI)"]
[Result "1-0"]
[WhiteElo "2405"]
[BlackElo "2280"]

1.d4 d5 2.c4 c6 3.Nc3 Nf6 4.Nf3 e6 5.Bg5 dxc4 6.e4 b5 7.e5 h6 8.Bh4 g5 9.Nxg5
hxg5 10.Bxg5 Nbd7 11.exf6 Bb7 12.g3 c5 13.d5 Nxf6 14.Bg2 Be7 15.O-O Nxd5
16.Bxe7 Kxe7 17.Nxb5 Qb6 18.Na3 Rh4 19.Qd2 Rg8 20.f4 Nxf4 21.Rxf4 Rxf4 22.Qxf4
Qxb2 23.Qd6+ {#r} 1-0

[Event "It (open)"]
[Site "masterchessopen.com Hajduboszormeny (Hungary)"]
[Round "0"]
[White "Mester Gyula (HUN)"]
[Black "Popovich Sviatoslav (UKR)"]
[Result "0-1"]
[WhiteElo "2395"]
[BlackElo "2233"]

1.d4 d5 2.c4 c6 3.Nf3 Nf6 4.Nc3 e6 5.Bg5 dxc4 6.e4 b5 7.e5 h6 8.Bh4 g5 9.Nxg5
hxg5 10.Bxg5 Nbd7 11.exf6 Bb7 12.g3 c5 13.f3 cxd4 14.Qxd4 Bxf3 15.Bxc4 bxc4
16.Rf1 Nc5 17.Qxd8+ Rxd8 18.Rxf3 Rxh2 19.Ne2 Ne4 20.Be3 Bb4+ 21.Kf1 Nd2+
22.Bxd2 Rxd2 23.Rf2 Rh1+ 24.Ng1 Rxg1+ {#R} 0-1

[Event "Ch Helsinki"]
[Site "masterchessopen.com Helsinki (Finland)"]
[Round "1"]
[White "Hamalainen Sami (FIN)"]
[Black "Norri Joose (FIN)"]
[Result "0-1"]
[WhiteElo "2266"]
[BlackElo "2385"]

1.Nf3 Nf6 2.c4 e6 3.d4 d5 4.Nc3 c6 5.Bg5 dxc4 6.e4 b5 7.e5 h6 8.Bh4 g5 9.Nxg5
Nd5 10.Nxf7 Qxh4 11.Nxh8 Bb4 12.Qd2 c5 13.dxc5 Nd7 14.Be2 Nxe5 15.O-O Bb7
16.f4 Bxc5+ 17.Kh1 Ne3 18.Rf3 N3g4 19.h3 Nxf3 {#R} 0-1

[Event "It (open)"]
[Site "masterchessopen.com Klatovy (Czech Republic)"]
[Round "0"]
[White "Janousek Petr (CZE)"]
[Black "Kozak Milos (CZE)"]
[Result "1-0"]
[WhiteElo "2185"]
[BlackElo "2260"]

1.d4 d5 2.c4 c6 3.Nc3 Nf6 4.Nf3 e6 5.Bg5 dxc4 6.e4 b5 7.e5 h6 8.Bh4 g5 9.Nxg5
hxg5 10.Bxg5 Nbd7 11.exf6 Bb7 12.g3 c5 13.d5 Ne5 14.f4 b4 15.fxe5 bxc3 16.Bxc4
Qa5 17.dxe6 cxb2+ 18.Kf2 fxe6 19.Bxe6 Rh7 20.Qh5+ {#r} 1-0

[Event "It (open) \"]
[Site "masterchessopen.com Klatovy (Czech Republic)"]
[Round "7"]
[White "Bayer Radek (CZE)"]
[Black "Vacovska Veronika (CZE)"]
[Result "0-1"]
[WhiteElo "2060"]
[BlackElo "2077"]

1.d4 d5 2.c4 e6 3.Nc3 c6 4.Nf3 Nf6 5.Bg5 dxc4 6.a4 Bb4 7.Qc2 Qa5 8.Bxf6 gxf6
9.g3 b5 10.Bg2 Bb7 11.O-O Qb6 12.e4 Bxc3 13.Qxc3 Nd7 14.Rfd1 a6 15.d5 cxd5
16.exd5 Bxd5 17.axb5 axb5 18.Rxa8+ Bxa8 19.Ng5 Bxg2 20.Kxg2 Qc6+ 21.Qf3 Qxf3+
22.Nxf3 Ke7 23.Nd4 Ne5 24.Nxb5 Rb8 25.Nd4 Rxb2 26.Rc1 Rxf2+ {#R} 0-1

[Event "It (open)"]
[Site "masterchessopen.com Ljubljana (Slovenia)"]
[Round "8"]
[White "Soln Primoz (SLO)"]
[Black "Hrvacic Pavle (BIH)"]
[Result "1-0"]
[WhiteElo "2330"]
[BlackElo "2190"]

1.d4 d5 2.c4 c6 3.Nc3 Nf6 4.Nf3 e6 5.Bg5 dxc4 6.e4 b5 7.e5 h6 8.Bh4 g5 9.exf6
gxh4 10.Ne5 Qxf6 11.a4 Bb4 12.Be2 Bb7 13.Bf3 Qe7 14.O-O Bxc3 15.bxc3 Qc7
16.Bh5 O-O 17.Qg4+ Kh8 18.Qf4 Kg7 19.Qg4+ Kh8 20.Qxh4 Nd7 21.Bxf7 Kh7 22.Bg6+
Kg8 23.Qe7 {#r} 1-0

[Event "It (open)"]
[Site "masterchessopen.com Ljubljana (Slovenia)"]
[Round "2"]
[White "Soln Primoz (SLO)"]
[Black "Stojnic Miodrag (SLO)"]
[Result "1-0"]
[WhiteElo "2330"]
[BlackElo "2150"]

1.d4 d5 2.c4 c6 3.Nc3 Nf6 4.Nf3 e6 5.Bg5 dxc4 6.e4 b5 7.e5 h6 8.Bh4 g5 9.exf6
gxh4 10.Ne5 Qxf6 11.a4 Bb4 12.Be2 Bb7 13.Bf3 Qe7 14.O-O Bxc3 15.bxc3 a6 16.Qb1
h5 17.Qe4 Ra7 18.Qf4 Ra8 19.Rfe1 Rh7 20.axb5 cxb5 21.d5 Rg7 22.d6 Bxf3 23.dxe7
Bxg2 24.f3 {#r} 1-0

[Event "Cup Russia (open)"]
[Site "masterchessopen.com Moscow (Russia)"]
[Round "1"]
[White "Potapenko Alexey (RUS)"]
[Black "Mitenkov Alexey (RUS)"]
[Result "0-1"]
[WhiteElo "2022"]
[BlackElo "2470"]

1.d4 Nf6 2.c4 e6 3.Nf3 d5 4.Nc3 c6 5.Bg5 dxc4 6.e4 b5 7.e5 h6 8.Bh4 g5 9.Nxg5
hxg5 10.Bxg5 Nbd7 11.exf6 Bb7 12.Qf3 Qb6 13.Rd1 O-O-O 14.Be3 c5 15.dxc5 Bxc5
16.Bxc5 Nxc5 17.Rxd8+ Rxd8 18.Qe3 b4 19.Nd1 Qd6 20.Be2 Bxg2 21.Rg1 Be4 22.Rg5
Bf5 23.Qg3 Qd2+ 24.Kf1 Ne4 {#R} 0-1

[Event "Memorial A.Alekhine (open)"]
[Site "masterchessopen.com Moscow (Russia)"]
[Round "5"]
[White "Antonov Vladimir (BUL)"]
[Black "Kochetov Dmitri A (RUS)"]
[Result "1-0"]
[WhiteElo "2375"]
[BlackElo "1953"]

1.d4 d5 2.c4 c6 3.Nf3 Nf6 4.Nc3 e6 5.Bg5 dxc4 6.a4 Bb4 7.e4 b5 8.e5 h6 9.exf6
hxg5 10.fxg7 Rg8 11.h4 g4 12.Ne5 Bb7 13.h5 Rxg7 14.h6 Rh7 15.Qxg4 Kf8 16.Qe4
f5 17.Qf4 Nd7 18.g4 Nxe5 19.dxe5 c5 20.Rd1 Bxh1 21.Rxd8+ Rxd8 22.axb5 Rd4
23.Qg5 Bf3 24.Be2 fxg4 25.Qf6+ Rf7 26.h7 {#r} 1-0

[Event "Memorial A.Alekhine (open)"]
[Site "masterchessopen.com Moscow (Russia)"]
[Round "1"]
[White "Antonov Vladimir (BUL)"]
[Black "Rodin Mihail (RUS)"]
[Result "0-1"]
[WhiteElo "2375"]
[BlackElo "2430"]

1.d4 d5 2.c4 e6 3.Nc3 c6 4.Nf3 Nf6 5.Bg5 dxc4 6.a4 b5 7.axb5 cxb5 8.Nxb5 Qb6
9.Nc3 Qxb2 10.Bd2 Nd5 11.Rb1 Qxc3 12.Bxc3 Nxc3 13.Qc2 Nxb1 14.Qxb1 Nd7 15.e3
Rb8 16.Qa2 Bb4+ 17.Kd1 c3 18.Kc2 O-O 19.Bc4 a5 20.Qa1 Nb6 21.Ba2 Bb7 22.Rc1
Ba3 23.Ne1 Be4+ 24.Nd3 Bxc1 25.Qxc1 Na4 26.Qa3 Rb2+ {#R} 0-1

[Event "Ch Netherlands (team) 1996/97"]
[Site "masterchessopen.com Netherlands"]
[Round "3"]
[White "De Haan Eric (NED)"]
[Black "Van De Oudeweetering Arthur (NED)"]
[Result "1-0"]
[WhiteElo "2323"]
[BlackElo "2350"]

1.d4 d5 2.c4 c6 3.Nf3 Nf6 4.Nc3 e6 5.Bg5 dxc4 6.e4 b5 7.e5 h6 8.Bh4 g5 9.Nxg5
Nd5 10.Nf3 Qa5 11.Qd2 Bb4 12.Rc1 Nd7 13.Be2 Bb7 14.O-O c5 15.dxc5 Nxc5 16.Qd4
Bxc3 17.Rxc3 Nxc3 18.Qxc5 Nxe2+ 19.Kh1 Kd7 20.Rd1+ Bd5 21.Rxd5+ exd5 22.e6+
Kxe6 23.Qe7+ Kf5 24.Qf6+ Ke4 25.Qe5+ Kd3 26.Qf5# 1-0

[Event "It (cat.19)"]
[Site "masterchessopen.com Novgorod (Russia)"]
[Round "7"]
[White "Kramnik Vladimir (RUS)"]
[Black "Ivanchuk Vassily (UKR)"]
[Result "1-0"]
[WhiteElo "2765"]
[BlackElo "2730"]

1.Nf3 d5 2.d4 Nf6 3.c4 c6 4.Nc3 e6 5.Bg5 dxc4 6.e4 b5 7.e5 h6 8.Bh4 g5 9.Nxg5
hxg5 10.Bxg5 Nbd7 11.g3 Bb7 12.Bg2 Qb6 13.exf6 c5 14.d5 O-O-O 15.O-O b4 16.Na4
Qd6 17.Bf4 e5 18.Be3 Bh6 19.Qc1 Bxe3 20.Qxe3 Ba6 21.a3 Kb8 22.h4 Rdg8 23.Nxc5
Nxc5 24.axb4 Nb7 25.b3 {#r} 1-0

[Event "It (open)"]
[Site "masterchessopen.com Portoroz (Slovenia)"]
[Round "0"]
[White "Sitnik Igor (SLO)"]
[Black "Pavasovic Dusko (SLO)"]
[Result "0-1"]
[WhiteElo "2225"]
[BlackElo "2495"]

1.d4 d5 2.c4 e6 3.Nc3 c6 4.Nf3 Nf6 5.Bg5 dxc4 6.e4 b5 7.e5 h6 8.Bh4 g5 9.Bg3
Nd5 10.h4 Qa5 11.Qd2 g4 12.Ng1 b4 13.Nxd5 cxd5 14.Be2 Ba6 15.Qc2 b3+ {#R} 0-1

[Event "Ch Iceland (team) 1996/97"]
[Site "masterchessopen.com Reykjavik (Iceland)"]
[Round "0"]
[White "Karason Askell O (ISL)"]
[Black "Asgeirsson Heimir (ISL)"]
[Result "1-0"]
[WhiteElo "2245"]
[BlackElo "2185"]

1.d4 d5 2.c4 c6 3.Nf3 Nf6 4.Nc3 e6 5.Bg5 dxc4 6.e4 b5 7.e5 h6 8.Bh4 g5 9.Nxg5
hxg5 10.Bxg5 Nbd7 11.g3 Qb6 12.exf6 Bb7 13.Bg2 O-O-O 14.O-O Ne5 15.dxe5 Rxd1
16.Raxd1 b4 17.Ne4 c5 18.h4 Bd5 19.Be3 a5 20.Rxd5 exd5 21.Ng5 Qc7 22.Bf4 Rg8
23.Bxd5 Rxg5 24.hxg5 c3 25.bxc3 bxc3 26.e6 {#r} 1-0

[Event "It (open) (c)"]
[Site "masterchessopen.com Zaragoza (Spain)"]
[Round "0"]
[White "Estopanan Olivan Angel (ESP)"]
[Black "Jaques Burguete Raul (ESP)"]
[Result "0-1"]
[WhiteElo "2112"]
[BlackElo "2032"]

1.d4 d5 2.c4 e6 3.Nf3 c6 4.Nc3 Nf6 5.Bg5 dxc4 6.e4 b5 7.e5 h6 8.Bh4 g5 9.Nxg5
hxg5 10.Bxg5 Nbd7 11.exf6 Qa5 12.g3 b4 13.Ne4 Ba6 14.Be2 O-O-O 15.Be3 Nc5
16.Nxc5 Bxc5 17.Qc1 Bxd4 18.Bxc4 Bc3+ 19.bxc3 Bxc4 20.h4 bxc3 21.Qc2 Bd3
22.Qc1 c2+ 23.Bd2 Qd5 {#R} 0-1